000 00461nam a22001937a 4500
003 MPLRDC
005 20220104145922.0
008 210129b ||||| |||| 00| 0 eng d
020 _a962-8191-02-0
082 _a411.1 HX v.8
100 _a不详
245 _a养生长寿秘笈
_c
250 _a第一版
260 _a
_b香港素食慈善基金
_c1997
300 _b
490 _a唤醒丛书. 8
650 _a健康法
942 _cBK
_o411.1 HX v.8
999 _c51589
_d51579